EMOCIONES, ACTIVIDADES E INTERESES DEL NIÑO DE 5 A 16 AÑOS/

TRADUCCION DE: THE CHILD FROM FIVE TO TEN

保存先:
書誌詳細
その他の著者: Gesell, Arnold (autor) (autor)
フォーマット: 図書
シリーズ:BIBLIOTECA DEL EDUCADOR CONTEMPORANEO; 63
主題:
タグ: タグ追加
タグなし, このレコードへの初めてのタグを付けませんか!

MARC

LEADER 00000nam^a2200000^a^4500
001 000217305
005 20250521000000.0
009 20260310103718.037
035 |a 001744 
037 |a Acervo Xavier Clavigero 
082 |a 155. 4124  |b EMO 
245 1 0 |a EMOCIONES, ACTIVIDADES E INTERESES DEL NIÑO DE 5 A 16 AÑOS/  |c ARNOLD GESELL...[ ET. AL.] 
264 |a BUENOS AIRES :  |b PAIDOS,  |c 1967 
300 |a 147p. 
336 |a texto  |b txt  |2 rdacontenido 
337 |a sin mediación  |b n  |2 rdamedio 
338 |a volumen  |b nc  |2 rdasoporte 
440 |a BIBLIOTECA DEL EDUCADOR CONTEMPORANEO;  |v 63 
520 |a TRADUCCION DE: THE CHILD FROM FIVE TO TEN 
520 |a INCLUYE BIBLIOGRAFIA 
649 |a XX 
650 |a Niños -  |x Condiciones Psicológicas 
650 |a Emoción 
700 |a Gesell, Arnold  |e (autor) 
910 |a Fondo General 
920 |a Impresos - Libros 
930 |a Colección General 
905 |a 101 
901 |a 001744  |b IT1  |c ACC  |i 001744  |u 20250521 
902 |a https://opac.biblio.iteso.mx/vufind/Record/000217305